| 000 | 01427nam a22003857a 4500 | ||
|---|---|---|---|
| 001 | 754 | ||
| 005 | 20231101134922.0 | ||
| 020 | _a9780545381826 | ||
| 040 |
_aNJQ/DLC _cNJQ _beng |
||
| 050 | 0 | 0 |
_aPZ7.L97914 _bGam 2012 |
| 082 | 0 | 0 |
_a[Fic] _223 |
| 082 | 0 | 0 |
_a813.54 _223 |
| 100 | 1 | _aLupica, Mike. | |
| 245 | 1 | 0 |
_aGame changers / _c[Lupica, Mike ]. |
| 250 | _aFirst paperback printing, August 2013 | ||
| 260 |
_aNew York : _bScholastic, _c2013. |
||
| 300 |
_a207 pages ; _c20 cm. |
||
| 505 | _aW | ||
| 520 | _aWhen the coach's son, Shawn O'Brien, is chosen to play quarterback, eleven-year-old Ben McBain is not surprised--but when he tries to be a good teammate and help the inconsistent Shawn, he is startled to learn that his new friend does not really want the position. | ||
| 521 |
_a870
_bLexile |
||
| 521 |
_aW
_bRaz-Plus |
||
| 650 | 0 | _aFootball stories. | |
| 650 | 0 |
_aQuarterbacking (Football) _vJuvenile fiction. |
|
| 650 | 0 |
_aTeamwork (Sports) _vJuvenile fiction. |
|
| 650 | 0 |
_aFriendship _vJuvenile fiction. |
|
| 650 | 0 |
_aFathers and sons _vJuvenile fiction. |
|
| 650 | 0 |
_aCoaching (Athletics) _vJuvenile fiction. |
|
| 650 | 1 |
_aFootball _vFiction. |
|
| 650 | 1 |
_aTeamwork (Sports) _vFiction. |
|
| 650 | 1 |
_aFriendship _vFiction. |
|
| 650 | 1 |
_aFathers and sons _vFiction. |
|
| 650 | 1 |
_aCoaching (Athletics) _vFiction. |
|
| 906 |
_a7 _bcbc _corignew _d1 _eecip _f20 _gy-gencatlg |
||
| 942 |
_2ddc _cBK _n0 |
||
| 999 |
_c754 _d754 |
||